[Event "Belo Horizonte pre olympic"]
[Site "Belo Horizonte"]
[Date "2004.10.12"]
[Round "7"]
[White "Pereira, Juliano Resende M"]
[Black "Morais, Paulo Jorge Machado"]
[Result "1-0"]
[WhiteElo "2261"]
[BlackElo "2141"]
[PlyCount "63"]
[EventDate "2004.10.09"]
[EventType "swiss"]
[EventRounds "7"]
[EventCountry "BRA"]
[SourceTitle "CBM 102 Extra"]
[Source "ChessBase"]
[SourceDate "2004.11.03"]
[SourceVersion "1"]
[SourceVersionDate "2004.11.03"]
[SourceQuality "1"]

1. c4 c5 2. g3 Nc6 3. Bg2 g6 4. Nc3 Bg7 5. a3 e6 6. b4 d6 7. Bb2 Nge7 8. bxc5 dxc5 9. Nf3 0-0 10. 0-0 b6 11. d3 Bb7 12. Qc1 Rc8 13. Nb5 f6 14. Rd1 e5 15. Nd2 Qd7 16. Qb1 Rfd8 17. a4 h5 18. Nf3 g5 19. a5 h4 20. gxh4 g4 21. Ne1 a6 22. Nc3 Nxa5 23. Bc1 Bxg2 24. Nxg2 Rb8 25. Ne3 Ng6 26. d4 Nxh4 27. dxc5 Qc6 28. Ncd5 Rd7 29. Rxa5 Bf8 30. cxb6 f5 31. Rxa6 f4 32. Qe4 1-0

[Event "Belo Horizonte pre olympic"]
[Site "Belo Horizonte"]
[Date "2004.10.10"]
[Round "3"]
[White "Fier, Alexandr"]
[Black "Morais, Paulo Jorge Machado"]
[Result "1-0"]
[WhiteElo "2365"]
[BlackElo "2141"]
[PlyCount "155"]
[EventDate "2004.10.09"]
[EventType "swiss"]
[EventRounds "7"]
[EventCountry "BRA"]
[SourceTitle "CBM 102 Extra"]
[Source "ChessBase"]
[SourceDate "2004.11.03"]
[SourceVersion "1"]
[SourceVersionDate "2004.11.03"]
[SourceQuality "1"]

1. e4 c5 2. Nf3 d6 3. d4 cxd4 4. Nxd4 Nf6 5. Nc3 e6 6. Bg5 Be7 7. Qd2 a6 8. 0-0-0 Qc7 9. f3 Bd7 10. g4 Nc6 11. h4 Ne5 12. Bxf6 gxf6 13. g5 0-0-0 14. f4 Nc4 15. Bxc4 Qxc4 16. Rh3 Kb8 17. Nb3 Bc8 18. Rd3 fxg5 19. hxg5 h6 20. gxh6 Rxh6 21. e5 d5 22. Rd4 Qc7 23. Ne2 Rh2 24. Rd3 Rg8 25. Qe3 Rgg2 26. R3d2 Bh4 27. Kb1 Qc4 28. Nec1 Bg3 29. Rxg2 Rxg2 30. Nd4 Bf2 31. Qf3 Rg1 32. Rxg1 Bxg1 33. Nde2 Bb6 34. Qh5 Qc7 35. Nd3 Ka7 36. a3 Qe7 37. Qf3 Bd7 38. Nc3 Bc6 39. Nb4 Be8 40. f5 Bd4 41. Ne2 Bc5 42. Nd3 exf5 43. Qxf5 Bb5 44. Nef4 Bc4 45. b3 Bxd3 46. Nxd3 Bd4 47. b4 Qc7 48. Kc1 Qc3 49. Kd1 Be3 50. Ke2 Qd2+ 51. Kf3 Bd4 52. Qxf7 Qxc2 53. Qf5 Bxe5 54. Ke3 d4+ 55. Ke4 Bg7 56. Kf4 Qd2+ 57. Kg4 Qe2+ 58. Kg5 Qe3+ 59. Kh5 Qh6+ 60. Kg4 Qf6 61. Qe4 Qc6 62. Qf5 Kb8 63. Nc5 Qc8 64. Ne6 Ka7 65. Nxg7 Qg8 66. Qc5+ Ka8 67. Qxd4 Qb3 68. Nf5 Qxa3 69. Kf4 Qc1+ 70. Ke5 Qg5 71. Qb6 Qh5 72. Qc5 Qe8+ 73. Kf6 Qh8+ 74. Ke6 Qg8+ 75. Kd7 Qh7+ 76. Ne7 Qd3+ 77. Kc7 Qe4 78. Nd5 1-0

[Event "Porto district-ch U18"]
[Site "Porto"]
[Date "2004.02.25"]
[Round "5"]
[White "Valente, Diogo Filipe de And"]
[Black "Morais, Paulo Jorge Machado"]
[Result "0-1"]
[WhiteElo "1332"]
[BlackElo "1470"]
[PlyCount "48"]
[EventDate "2004.02.??"]
[EventType "tourn"]
[EventRounds "5"]
[EventCountry "POR"]
[SourceTitle "EXT 2005"]
[Source "ChessBase"]
[SourceDate "2004.11.15"]
[SourceVersion "1"]
[SourceVersionDate "2004.11.15"]
[SourceQuality "1"]

1. d4 Nc6 2. c4 e5 3. e3 d6 4. Nc3 Bf5 5. d5 Nce7 6. e4 Bd7 7. Be2 Ng6 8. Nf3 Nf6 9. Bg5 Be7 10. Qd3 0-0 11. Nd1 Ng4 12. Bxe7 Qxe7 13. g3 f5 14. Nc3 Rf7 15. h3 Nh6 16. Nd2 Raf8 17. f3 Qg5 18. Nf1 f4 19. h4 Qe7 20. h5 Nh8 21. g4 Bxg4 22. fxg4 f3 23. Bd1 Nxg4 24. Kd2 Nf2 0-1

[Event "Porto district-ch U18"]
[Site "Porto"]
[Date "2004.02.24"]
[Round "4"]
[White "Morais, Paulo Jorge Machado"]
[Black "Machado, Luis"]
[Result "0-1"]
[WhiteElo "1470"]
[BlackElo "1620"]
[PlyCount "102"]
[EventDate "2004.02.??"]
[EventType "tourn"]
[EventRounds "5"]
[EventCountry "POR"]
[SourceTitle "EXT 2005"]
[Source "ChessBase"]
[SourceDate "2004.11.15"]
[SourceVersion "1"]
[SourceVersionDate "2004.11.15"]
[SourceQuality "1"]

1. e4 c6 2. Nf3 d5 3. Nc3 dxe4 4. Nxe4 Nf6 5. Ng3 Bg4 6. Bc4 e6 7. h3 Bxf3 8. Qxf3 Nbd7 9. 0-0 Be7 10. Re1 Qc7 11. d4 0-0 12. Ne4 Nd5 13. c3 N7f6 14. Bd3 Qa5 15. Bg5 Rfe8 16. Bd2 Qb6 17. Rab1 Rad8 18. g4 Nxe4 19. Rxe4 c5 20. c4 Nf6 21. dxc5 Bxc5 22. Re2 Qd6 23. Bc2 Qd4 24. g5 Nd7 25. Qh5 g6 26. Qf3 Ne5 27. Qg3 Nxc4 28. Bc3 Qd6 29. Qh4 Bd4 30. Rd1 e5 31. Bb3 Qc5 32. Rd3 Nd6 33. Rc2 Qb5 34. Rf3 Re7 35. Rg3 Nf5 36. Qg4 Nxg3 37. Qxg3 Bxc3 38. Rxc3 e4 39. h4 a5 40. a4 Qe2 41. Bc2 Qd2 42. h5 gxh5 43. Bb3 Qd6 44. Qh4 Qg6 45. f4 e3 46. f5 Qxf5 47. Qxh5 Qf2+ 48. Kh1 Qf1+ 49. Kh2 Rd2+ 50. Kg3 Rg2+ 51. Kh4 Qh1# 0-1

[Event "Porto district-ch U18"]
[Site "Porto"]
[Date "2004.02.23"]
[Round "3"]
[White "Pereira, Carlos Miguel Silva"]
[Black "Morais, Paulo Jorge Machado"]
[Result "1/2-1/2"]
[WhiteElo "1562"]
[BlackElo "1470"]
[PlyCount "112"]
[EventDate "2004.02.??"]
[EventType "tourn"]
[EventRounds "5"]
[EventCountry "POR"]
[SourceTitle "EXT 2005"]
[Source "ChessBase"]
[SourceDate "2004.11.15"]
[SourceVersion "1"]
[SourceVersionDate "2004.11.15"]
[SourceQuality "1"]

1. e4 Nc6 2. d4 e5 3. d5 Nce7 4. Nc3 Ng6 5. a3 Nf6 6. Bd3 a6 7. Nf3 Bc5 8. h3 0-0 9. Bg5 h6 10. Bd2 d6 11. Qe2 Nh5 12. g4 Nhf4 13. Qf1 Bd4 14. Nxd4 exd4 15. Ne2 Qf6 16. Nxf4 Nxf4 17. 0-0-0 c5 18. Kb1 b5 19. f3 Bd7 20. h4 c4 21. g5 hxg5 22. e5 Qxe5 23. Re1 Qxd5 24. Be4 Qc5 25. hxg5 Ng6 26. Qg2 Bc6 27. Qh2 f5 28. gxf6 Rxf6 29. Qh7+ Kf7 30. Bxg6+ Rxg6 31. Rhg1 Rxg1 32. Rxg1 Rg8 33. Qg6+ Kf8 34. Bf4 Ke7 35. Re1+ Kd8 36. Bg5+ Kc8 37. Qe6+ Kb7 38. Qxg8 Qxg5 39. Qf8 Qg3 40. Qe7+ Kb6 41. c3 d3 42. Qe3+ Ka5 43. Rf1 Qg2 44. Rf2 Qh1+ 45. Ka2 Qd1 46. f4 Bd7 47. Rd2 Qh1 48. Qd4 Qe1 49. Rh2 Bf5 50. Qxd6 d2 51. Qb4+ Kb6 52. Qd6+ Ka5 53. Qb4+ Kb6 54. Qd6+ Ka5 55. Qb4+ Kb6 56. Qd6+ Ka5 1/2-1/2

[Event "IECC Swiss email"]
[Site "IECC email"]
[Date "2003.08.12"]
[Round "?"]
[White "Morais, Paulo Jorge Machado"]
[Black "Benbachir, Khalid"]
[Result "0-1"]
[WhiteElo "1655"]
[BlackElo "1274"]
[PlyCount "40"]
[EventDate "2003.??.??"]
[EventType "tourn (corr)"]
[EventRounds "6"]
[SourceTitle "Corr 2008"]
[Source "ChessBase"]
[SourceDate "2008.06.24"]
[SourceVersion "1"]
[SourceVersionDate "2008.06.24"]
[SourceQuality "1"]

1. e4 e6 2. d4 d5 3. Nd2 b6 4. Ngf3 c5 5. c3 Bb7 6. Bd3 Nf6 7. exd5 exd5 8. Ne5 Nbd7 9. Ndf3 Bd6 10. Qa4 0-0 11. Bg5 Qc7 12. Bf5 Nxe5 13. Bxf6 Nxf3+ 14. gxf3 gxf6 15. dxc5 Rfe8+ 16. Kf1 Qxc5 17. Bxh7+ Kh8 18. Bd3 d4 19. cxd4 Qh5 20. Be2 Bxf3 0-1